| 000 | 00588nam a2200205 a 4500 | ||
|---|---|---|---|
| 005 | 20240228063848.0 | ||
| 008 | 031027s1999 mx r 000 0 spa d | ||
| 020 | _a9681660803 | ||
| 035 | _aUPN01000130413 | ||
| 049 | _aI | ||
| 050 | 4 |
_aPZ71 _bM6.7 |
|
| 100 | 1 | _aMonroy, Manuel | |
| 245 | 1 | 0 |
_aRabieta trebejos / _cManuel Monroy. |
| 260 |
_aMéxico : _bFCE, _c1999, |
||
| 300 |
_a[24] p. : _bprincipalmente il. col. |
||
| 440 | 4 | _aLos especiales de a la orilla del viento | |
| 650 | 4 |
_aCuentos infantiles _96744 |
|
| 650 | 4 |
_aLibros y lectura para niños _92290 |
|
| 905 | _aInfantil | ||
| 999 |
_c102570 _d102570 |
||